000
00351 a2200169 4500
001
190231
020
_a
85-7319-327-1
040
_c
Magnum
100
_a
Krieger, Maria de Lourdes
240
1
0
_a
Lembranças
_l
por
245
1
0
_a
Lembranças
300
_a
168
362
0
_a
2003
440
1
_a
Dimensão
697
_a
LITERATURA GERAL
942
_c
BK
999
_c
190231
_d
190231